000 00643nam a22002297a 4500
003 UA-OsUOA
001 97131
007 ta
008 20130326b un ||||| |||| 00| 0 ukr d
100 _aОгарев Н.
090 _a821.161.1
_bО-36
942 _cBK
040 _aUA-OsUOA
_brus
_cUA-OsUOA
_dUA-OsUOA
245 _aВ воспоминаниях современников
300 _a543 с.
955 _a3
041 _arus
080 _a821.161.1
260 _aМ.
_bХудожественная литература
_c1989
650 7 _a82 Література. Літературознавство
_2UDC
999 _c383387
_d383387